JPERCY ACKSON AND THE TITANS CURSE (Record no. 20265)

MARC details
000 -LEADER
fixed length control field 00257nam a22001217a 4500
003 - CONTROL NUMBER IDENTIFIER
control field SGT
082 ## - DEWEY DECIMAL CLASSIFICATION NUMBER
Item number RIO
100 ## - MAIN ENTRY--PERSONAL NAME
Personal name RIORDAN, RICK
245 ## - TITLE STATEMENT
Title JPERCY ACKSON AND THE TITANS CURSE
260 ## - PUBLICATION, DISTRIBUTION, ETC. (IMPRINT)
Place of publication, distribution, etc NY
Name of publisher, distributor, etc HB. PUB.
Year of Publication 2007
300 ## - PAGE DESCRIPTION
No. of Pages 294
942 ## - ADDED ENTRY ELEMENTS (KOHA)
Source of classification or shelving scheme Dewey Decimal Classification
Koha item type Books
942 ## - ADDED ENTRY ELEMENTS (KOHA)
-- 6
Holdings
Withdrawn status Lost status Source of classification or shelving scheme Damaged status Not for loan Collection code Home library Current library Date acquired SGTU Total Checkouts Full call number Accession No. (Barcode) Date last seen Date last borrowed Bill Date Koha item type
    Dewey Decimal Classification     MASS COMMUNICATION SGT Science & Social Sciences Library SGT Science & Social Sciences Library 11/07/2020 SGTU 6 RIO MC681 09/12/2024 04/12/2024 11/07/2020 Books